000 01083cam a22003497a 4500
003 CHAP
005 20220817040852.0
008 971013s1990 it a r 00010 spa d
010 _a1777
011 _a2749
020 _a9253026790
035 _a1948
040 _cCHAP
082 _a636.08
_bF3 v.69
110 _aFAO
245 1 3 _aLa elaboración de la leche en las aldeas
_c/por J.C. Lambbert
260 _aRoma :
_bFAO,
_c1990
300 _a71 p. :
_bilus.
490 0 _aFAO. Producción y sanidad animal
_v; 69
590 _aBATCH-UPD
_b10
_c20130110
_lUCH01
_h1105
590 _aBATCH-UPD
_b10
_c20130410
_lUCH01
_h0657
590 _aBATCH-UPD
_b10
_c20130914
_lUCH01
_h1402
590 _aCONVERSION
_b10
_c20130109
_lUCH01
_h1302
650 1 4 _aIndustria lechera.
_957819
650 1 4 _aLeche
_xMercadeo
_zTlaxcala.
_965393
650 1 4 _aProductos lácteos.
_992124
700 0 _aLambert, J. C.
_964561
830 0 _aFAO. Producción y sanidad animal
_v; 69
_939655
901 _aBK
942 _cLIBRO
949 _a636.08 F3 v.69
_bBC
_cFAO
_d33724000576096
_eFAO1
_h78759
_i1948
_sb
999 _c1777
_d1777